000 00400nam a2200157 i 4500
001 78645
003 ES-MaACL
005 20230906173755.0
007 t|
008 041015s1918 fr ||||1| fre d
100 1 _aHalévy, Daniel.
_961534
245 1 3 _aLe Président Wilson /
_cDaniel Halévy.
260 _aParis :
_bA. Durand,
_c1918.
300 _a270 p. ;
_c19 cm.
852 _aES-MaACL
_jF-5623
999 _c78645
_d78645